| 000 | 00567nam a22001937a 4500 | ||
|---|---|---|---|
| 999 |
_c7304 _d7304 |
||
| 003 | GBCCL | ||
| 005 | 20241126110624.0 | ||
| 008 | 180726b ||||| |||| 00| 0 eng d | ||
| 040 | _cGBC | ||
| 082 |
_aVER 224.107 _bGUI |
||
| 100 |
_aGuite, Paukhanmang _99561 |
||
| 245 |
_aIsai / _cPaukhanmang Guite |
||
| 260 |
_aNew Lamka: _bEvangelical Baptist Convention, _c2001. |
||
| 300 |
_a241 p., _c21.5 x 14 cm., |
||
| 440 |
_aSaptuam Laisiangthou Hilhchetna _97247 |
||
| 650 | _2Bible - OT - Isai - Commentaries | ||
| 650 | _2Sunday School Lesson - EBC | ||
| 942 |
_2ddc _cBK |
||